00686nam a2200157 a 450000100100000000500170001000800410002704000250006824501200009326000370021330000360025004900090028695201050029595201110040099900170051100003422020200930070858.0110928s1996 dr ac 000 0 spa d aDO-SdBNPbspacBNPHU00aDamas dominicanas /ceditores, Antonio J. Alma Yamin, Miguel A. Peguero Calzada; fotografo Juan Carlos Fernández. a[Santo Domingo ] :bs.n],c1996. a117 p. :bil., retrs. ;c30 cm. aBNPD 0010718PDaPDbPDcCTd2011-09-28iLF1l0o p34220-10r2020-06-25w2020-06-25yLFPDZNo se presta 0010718PDaPDbPDcCTd2011-09-28iLF1l0o p34220-20r2020-06-25te. 2w2020-06-25yLFPDZNo se presta c33711d33711